000 00864 a2200253 4500
003 CBULib
005 20240412091729.0
008 231219b |||||||| |||| 00| 0 eng d
020 _a9780323608695
040 _bEnglish
_cCBULib
_erda
041 _aeng
050 _aR 728.8 Nie
100 1 _aNiedzwiecki, Brigitte
_91044
245 _aStudy guide and procedure checklist manual for Kinn's the medical assistant : an applied learning approach
_c/ by Brigitte Niedzwiecki; Julie Pepper; and P. Ann Weaver
250 _aFourteenth edition
260 _bElsevier,
_c2020.
_aSt. Louis :
300 _axv, 1135 pages : illustrations
336 _2rdacontent
_aText |
_btxt
337 _2rdamedia
_aUnmediated |
_bn
338 _2rdacarrier
_aVolume
_bnc
650 0 _91046
_aMEDICAL ASSISTANTS
650 0 _91047
_aMEDICAL OFFICES--MANAGEMENT
942 _2lcc
_c002
999 _c83609
_d83609